000 00929nam a2200445Ia 4500
001 130
003 259
005 20240712154259.0
008 ||||||n9999 ||| || ||
020 _a201629437
041 _aspa
082 _219
_a001.43
100 _aFlores Suarez, Pedro
_9312
245 0 _aWordperfect
_bmanual de bolsillo
260 _aEstados Unidos :
_bAddison-Wesley,
_c1990.
300 _a184p
562 _e2
650 0 _aPROGRAMAS DE COMPUTADORA
_9211
942 _cBKM
999 _c130
_d130
526 _a17598
526 _a102617
526 _a102618
526 _a15794
526 _a102619
526 _a102620
526 _a10406
526 _a105630
526 _a1698
526 _a116204
526 _a4969
526 _a19790
526 _a104436
526 _a5144
526 _a51868
526 _a3899
526 _a9683
526 _a
526 _a1703
526 _a1697